<?xml version="1.0" encoding="UTF-8"?>
<record
    xmlns:xsi="http://www.w3.org/2001/XMLSchema-instance"
    xsi:schemaLocation="http://www.loc.gov/MARC21/slim http://www.loc.gov/standards/marcxml/schema/MARC21slim.xsd"
    xmlns="http://www.loc.gov/MARC21/slim">

  <leader>02406    a2200301   4500</leader>
  <controlfield tag="003">NALT</controlfield>
  <controlfield tag="005">20260203152704.0</controlfield>
  <controlfield tag="008">230418b        th ||||| |||| 00| 0 tha d</controlfield>
  <datafield tag="020" ind1=" " ind2=" ">
    <subfield code="a">9786165811408</subfield>
  </datafield>
  <datafield tag="040" ind1=" " ind2=" ">
    <subfield code="a">NALT</subfield>
  </datafield>
  <datafield tag="090" ind1=" " ind2=" ">
    <subfield code="a">KS 54</subfield>
    <subfield code="b">&#xE1B;394&#xE2B; 2565</subfield>
  </datafield>
  <datafield tag="100" ind1="0" ind2=" ">
    <subfield code="a">&#xE1B;&#xE23;&#xE30;&#xE2A;&#xE1E;&#xE2A;&#xE38;&#xE02; &#xE1A;&#xE38;&#xE0D;&#xE40;&#xE14;&#xE0A;</subfield>
    <subfield code="9">28564</subfield>
  </datafield>
  <datafield tag="245" ind1="1" ind2="0">
    <subfield code="a">&#xE2B;&#xE25;&#xE31;&#xE01;&#xE01;&#xE0E;&#xE2B;&#xE21;&#xE32;&#xE22;&#xE04;&#xE23;&#xE2D;&#xE1A;&#xE04;&#xE23;&#xE31;&#xE27; =</subfield>
    <subfield code="b">Family law /</subfield>
    <subfield code="c">&#xE1B;&#xE23;&#xE30;&#xE2A;&#xE1E;&#xE2A;&#xE38;&#xE02; &#xE1A;&#xE38;&#xE0D;&#xE40;&#xE14;&#xE0A;.</subfield>
  </datafield>
  <datafield tag="246" ind1="3" ind2="1">
    <subfield code="a">Family law.</subfield>
  </datafield>
  <datafield tag="250" ind1=" " ind2=" ">
    <subfield code="a">&#xE1E;&#xE34;&#xE21;&#xE1E;&#xE4C;&#xE04;&#xE23;&#xE31;&#xE49;&#xE07;&#xE17;&#xE35;&#xE48; 21 &#xE41;&#xE01;&#xE49;&#xE44;&#xE02;&#xE40;&#xE1E;&#xE34;&#xE48;&#xE21;&#xE40;&#xE15;&#xE34;&#xE21;.</subfield>
  </datafield>
  <datafield tag="260" ind1=" " ind2=" ">
    <subfield code="a">&#xE01;&#xE23;&#xE38;&#xE07;&#xE40;&#xE17;&#xE1E;&#xE2F; :</subfield>
    <subfield code="b">&#xE27;&#xE34;&#xE0D;&#xE0D;&#xE39;&#xE0A;&#xE19;,</subfield>
    <subfield code="c">2565.</subfield>
  </datafield>
  <datafield tag="300" ind1=" " ind2=" ">
    <subfield code="a">255 &#xE2B;&#xE19;&#xE49;&#xE32; ;</subfield>
    <subfield code="c">21 &#xE0B;&#xE21;.</subfield>
  </datafield>
  <datafield tag="505" ind1="1" ind2=" ">
    <subfield code="a">&#xE1A;&#xE17;&#xE17;&#xE35;&#xE48; 1 &#xE01;&#xE32;&#xE23;&#xE43;&#xE0A;&#xE49;&#xE1A;&#xE31;&#xE07;&#xE04;&#xE31;&#xE1A;&#xE01;&#xE0E;&#xE2B;&#xE21;&#xE32;&#xE22;&#xE04;&#xE23;&#xE2D;&#xE1A;&#xE04;&#xE23;&#xE31;&#xE27; -- &#xE1A;&#xE17;&#xE17;&#xE35;&#xE48; 2 &#xE01;&#xE32;&#xE23;&#xE2B;&#xE21;&#xE31;&#xE49;&#xE19; -- &#xE1A;&#xE17;&#xE17;&#xE35;&#xE48; 3 &#xE01;&#xE32;&#xE23;&#xE2A;&#xE21;&#xE23;&#xE2A; -- &#xE1A;&#xE17;&#xE17;&#xE35;&#xE48; 4 &#xE04;&#xE27;&#xE32;&#xE21;&#xE2A;&#xE31;&#xE21;&#xE1E;&#xE31;&#xE19;&#xE18;&#xE4C;&#xE23;&#xE30;&#xE2B;&#xE27;&#xE48;&#xE32;&#xE07;&#xE2A;&#xE32;&#xE21;&#xE35;&#xE20;&#xE23;&#xE34;&#xE22;&#xE32; -- &#xE1A;&#xE17;&#xE17;&#xE35;&#xE48; 5 &#xE17;&#xE23;&#xE31;&#xE1E;&#xE22;&#xE4C;&#xE2A;&#xE34;&#xE19;&#xE23;&#xE30;&#xE2B;&#xE27;&#xE48;&#xE32;
&#xE07;&#xE2A;&#xE32;&#xE21;&#xE35;&#xE20;&#xE23;&#xE34;&#xE22;&#xE32; -- &#xE1A;&#xE17;&#xE17;&#xE35;&#xE48; 6 &#xE2B;&#xE19;&#xE35;&#xE49;&#xE2A;&#xE34;&#xE19;&#xE02;&#xE2D;&#xE07;&#xE2A;&#xE32;&#xE21;&#xE35;&#xE20;&#xE23;&#xE34;&#xE22;&#xE32; -- &#xE1A;&#xE17;&#xE17;&#xE35;&#xE48; 7 &#xE01;&#xE32;&#xE23;&#xE2A;&#xE21;&#xE23;&#xE2A;&#xE17;&#xE35;&#xE48;&#xE40;&#xE1B;&#xE47;&#xE19;&#xE42;&#xE21;&#xE06;&#xE30; -- &#xE1A;&#xE17;&#xE17;&#xE35;&#xE48; 8 &#xE01;&#xE32;&#xE23;&#xE2A;&#xE21;&#xE23;&#xE2A;&#xE17;&#xE35;&#xE48;&#xE40;&#xE1B;&#xE47;&#xE19;&#xE42;&#xE21;&#xE06;&#xE35;&#xE22;&#xE30; -- &#xE1A;&#xE17;&#xE17;&#xE35;&#xE48; 9 &#xE01;&#xE32;&#xE23;&#xE2B;&#xE22;&#xE48;&#xE32; -- &#xE1A;&#xE17;&#xE17;&#xE35;&#xE48; 10 &#xE1A;&#xE34;&#xE14;&#xE32;&#xE21;&#xE32;&#xE23;&#xE14;&#xE32;&#xE01;&#xE31;&#xE1A;&#xE1A;&#xE38;&#xE15;&#xE23; -- &#xE1A;&#xE17;&#xE17;&#xE35;&#xE48; 11 &#xE2A;&#xE34;&#xE17;&#xE18;&#xE34;&#xE41;&#xE25;&#xE30;&#xE2B;&#xE19;&#xE49;&#xE32;&#xE17;&#xE35;&#xE48;&#xE23;&#xE30;&#xE2B;&#xE27;&#xE48;&#xE32;&#xE07;&#xE1A;&#xE34;&#xE14;&#xE32;&#xE21;&#xE32;&#xE23;&#xE14;&#xE32;&#xE01;&#xE31;&#xE1A;&#xE1A;&#xE38;&#xE15;&#xE23; -- &#xE1A;&#xE17;&#xE17;&#xE35;&#xE48; 12 &#xE1C;&#xE39;&#xE49;&#xE1B;&#xE01;&#xE04;&#xE23;&#xE2D;&#xE07;&#xE41;&#xE25;&#xE30;&#xE1C;&#xE39;&#xE49;&#xE2D;&#xE22;&#xE39;&#xE48;&#xE43;&#xE19;&#xE1B;&#xE01;&#xE04;&#xE23;&#xE2D;&#xE07; -- &#xE1A;&#xE17;&#xE17;&#xE35;&#xE48; 13 &#xE1A;&#xE38;&#xE15;&#xE23;&#xE1A;&#xE38;&#xE0D;&#xE18;&#xE23;&#xE23;&#xE21; -- &#xE1A;&#xE17;&#xE17;&#xE35;&#xE48; 14 &#xE04;&#xE48;&#xE32;&#xE2D;&#xE38;&#xE1B;&#xE01;&#xE32;&#xE23;&#xE30;&#xE40;&#xE25;&#xE35;&#xE49;&#xE22;&#xE07;&#xE14;&#xE39;&#xE41;&#xE25;&#xE30;&#xE04;&#xE48;&#xE32;&#xE40;&#xE25;&#xE35;&#xE49;&#xE22;&#xE07;&#xE0A;&#xE35;&#xE1E;.</subfield>
  </datafield>
  <datafield tag="650" ind1=" " ind2="4">
    <subfield code="9">55603</subfield>
    <subfield code="a">&#xE01;&#xE0E;&#xE2B;&#xE21;&#xE32;&#xE22;&#xE04;&#xE23;&#xE2D;&#xE1A;&#xE04;&#xE23;&#xE31;&#xE27;</subfield>
  </datafield>
  <datafield tag="650" ind1=" " ind2="4">
    <subfield code="9">60555</subfield>
    <subfield code="a">&#xE01;&#xE0E;&#xE2B;&#xE21;&#xE32;&#xE22;&#xE41;&#xE1E;&#xE48;&#xE07;&#xE41;&#xE25;&#xE30;&#xE1E;&#xE32;&#xE13;&#xE34;&#xE0A;&#xE22;&#xE4C;  </subfield>
    <subfield code="x">&#xE01;&#xE32;&#xE23;&#xE2B;&#xE21;&#xE31;&#xE49;&#xE19;</subfield>
  </datafield>
  <datafield tag="650" ind1=" " ind2="4">
    <subfield code="9">29121</subfield>
    <subfield code="a">&#xE01;&#xE32;&#xE23;&#xE2B;&#xE22;&#xE48;&#xE32;</subfield>
  </datafield>
  <datafield tag="650" ind1=" " ind2="4">
    <subfield code="9">5416</subfield>
    <subfield code="a">&#xE1A;&#xE38;&#xE15;&#xE23;&#xE1A;&#xE38;&#xE0D;&#xE18;&#xE23;&#xE23;&#xE21;</subfield>
  </datafield>
  <datafield tag="650" ind1=" " ind2="4">
    <subfield code="9">5427</subfield>
    <subfield code="a">&#xE1A;&#xE34;&#xE14;&#xE32;&#xE21;&#xE32;&#xE23;&#xE14;&#xE32;&#xE41;&#xE25;&#xE30;&#xE1A;&#xE38;&#xE15;&#xE23;</subfield>
  </datafield>
  <datafield tag="850" ind1=" " ind2=" ">
    <subfield code="a">NALT</subfield>
  </datafield>
  <datafield tag="942" ind1=" " ind2=" ">
    <subfield code="2">local</subfield>
    <subfield code="c">LB</subfield>
  </datafield>
  <datafield tag="996" ind1=" " ind2=" ">
    <subfield code="a">saiphon.d</subfield>
    <subfield code="b">CATSTF	</subfield>
    <subfield code="c">2023-04-18</subfield>
  </datafield>
  <datafield tag="999" ind1=" " ind2=" ">
    <subfield code="c">101697</subfield>
    <subfield code="d">101697</subfield>
  </datafield>
  <datafield tag="998" ind1=" " ind2=" ">
    <subfield code="j">111</subfield>
    <subfield code="k"> &#xE19;&#xE32;&#xE07;&#xE2A;&#xE32;&#xE27;&#xE1E;&#xE08;&#xE1E;&#xE34;&#xE13;  &#xE1E;&#xE23;&#xE21;&#xE40;&#xE2D;&#xE35;&#xE48;&#xE22;&#xE21;</subfield>
  </datafield>
  <datafield tag="952" ind1=" " ind2=" ">
    <subfield code="0">0</subfield>
    <subfield code="1">0</subfield>
    <subfield code="2">local</subfield>
    <subfield code="4">0</subfield>
    <subfield code="7">0</subfield>
    <subfield code="8">CLAW</subfield>
    <subfield code="a">NALT</subfield>
    <subfield code="b">NALT</subfield>
    <subfield code="c">LAW</subfield>
    <subfield code="d">2023-04-06</subfield>
    <subfield code="e">23</subfield>
    <subfield code="l">6</subfield>
    <subfield code="m">4</subfield>
    <subfield code="o">KS 54 &#xE1B;394&#xE2B; 2565</subfield>
    <subfield code="p">3961213712</subfield>
    <subfield code="r">2026-02-17 00:00:00</subfield>
    <subfield code="s">2026-02-03</subfield>
    <subfield code="w">2023-04-06</subfield>
    <subfield code="y">LB</subfield>
  </datafield>
</record>
